O bankovskom nadzore v stranach s rynočnoj orientaciej.
Bankovníctvo a základné technické otázky bankového dozoru. Finančné, právne, ekonomické a administratívne väzby ako prvky infraštruktúry bankového dozoru. Organizácia bankového dozoru. Vydávanie licencií na bankovú činnosť. Dozor nad fungovaním bánk (previerky výkazov, revízie na mieste, pomer medzi...
Saved in:
| Main Author: | |
|---|---|
| Format: | Book Chapter |
| Language: | Russian |
| Subjects: | |
| Tags: |
No Tags, Be the first to tag this record!
|
MARC
| LEADER | 00000naa a2200000 4500 | ||
|---|---|---|---|
| 001 | r002289 | ||
| 005 | 20220819192231.4 | ||
| 041 | 0 | |a rus | |
| 044 | |a [SU] | ||
| 245 | 1 | 0 | |a O bankovskom nadzore v stranach s rynočnoj orientaciej. |c Ch.J. Mjuller |
| 520 | |a Bankovníctvo a základné technické otázky bankového dozoru. Finančné, právne, ekonomické a administratívne väzby ako prvky infraštruktúry bankového dozoru. Organizácia bankového dozoru. Vydávanie licencií na bankovú činnosť. Dozor nad fungovaním bánk (previerky výkazov, revízie na mieste, pomer medzi kapitálom a aktívami, nebezpečie vysokých úverov, likvidita, úrokové riziká, poistenie depozít). Medzinárodná spolupráca. | ||
| 610 | 2 | 0 | |a kontrola banková |
| 610 | 2 | 0 | |a bankovníctvo |
| 610 | 2 | 0 | |a hospodárstvo trhové |
| 610 | 2 | 0 | |a infraštruktúra |
| 610 | 2 | 0 | |a licencie |
| 610 | 2 | 0 | |a revízia |
| 610 | 2 | 0 | |a spolupráca hospodárska medzinárodná |
| 100 | 1 | |a Mjuller, Ch.J. | |